000 00305nam a2200133Ia 4500
003 OSt
005 20240208151917.0
008 170524s9999 xx 000 0 und d
020 _a9788191064292
040 _cIIMT UNIVERSITY MEERUT
100 _aGupta-S.L
245 0 _aServices Marketing
942 _2ddc
_c02
999 _c4294
_d4294